[Event "Göteborg Open 2017"]
[Site "Mölnlycke kulturhus, Biblioteksgatan 2, Mölnlycke, Sweden"]
[Date "2017.08.18"]
[Round "4.10"]
[White "Troberg Eskola, Love"]
[Black "Sundqvist, Jan-Ove"]
[Result "1-0"]
[BlackElo "1858"]
[WhiteElo "2016"]
[LiveChessVersion "1.4.8"]

1. e4 {[%clk 0:15:08]} c5 {[%clk 0:14:35]} 2. Nf3 {[%clk 0:15:11]} Nc6
{[%clk 0:14:39]} 3. Bb5 {[%clk 0:15:11]} d6 {[%clk 0:14:13]} 4. Bxc6+
{[%clk 0:15:13]} bxc6 {[%clk 0:14:17]} 5. O-O {[%clk 0:15:15]} g6
{[%clk 0:14:15]} 6. d3 {[%clk 0:15:18]} Bg7 {[%clk 0:14:19]} 7. Nc3
{[%clk 0:15:22]} Rb8 {[%clk 0:13:48]} 8. h3 {[%clk 0:15:23]} Qa5 {[%clk 0:13:25]}
9. Qe1 {[%clk 0:13:58]} e6 {[%clk 0:12:24]} 10. e5 {[%clk 0:12:51]} d5
{[%clk 0:11:53]} 11. Ne4 {[%clk 0:12:12]} Qxe1 {[%clk 0:11:09]} 12. Nd6+
{[%clk 0:12:16]} Ke7 {[%clk 0:11:03]} 13. Rxe1 {[%clk 0:12:17]} Ba6
{[%clk 0:10:37]} 14. b3 {[%clk 0:11:40]} f5 {[%clk 0:08:07]} 15. Ba3
{[%clk 0:11:13]} Nh6 {[%clk 0:07:11]} 16. Bxc5 {[%clk 0:11:13]} Kd7
{[%clk 0:07:14]} 17. Bxa7 {[%clk 0:11:01]} Ra8 {[%clk 0:07:12]} 18. Be3
{[%clk 0:10:57]} Rhf8 {[%clk 0:06:54]} 19. d4 {[%clk 0:10:20]} Ng8
{[%clk 0:05:19]} 20. c4 {[%clk 0:09:37]} Ne7 {[%clk 0:04:56]} 21. c5
{[%clk 0:09:09]} h6 {[%clk 0:04:58]} 22. h4 {[%clk 0:08:55]} Bd3 {[%clk 0:04:15]}
23. Bd2 {[%clk 0:08:38]} Nc8 {[%clk 0:03:10]} 24. Re3 {[%clk 0:08:21]} Ba6
{[%clk 0:03:09]} 25. a4 {[%clk 0:08:13]} Nxd6 {[%clk 0:03:08]} 26. cxd6
{[%clk 0:07:58]} Rfc8 {[%clk 0:02:53]} 27. Rc3 {[%clk 0:08:01]} Be2
{[%clk 0:02:49]} 28. b4 {[%clk 0:07:54]} Bc4 {[%clk 0:02:28]} 29. Ne1
{[%clk 0:07:40]} g5 {[%clk 0:02:14]} 30. hxg5 {[%clk 0:07:43]} hxg5
{[%clk 0:02:16]} 31. Bxg5 {[%clk 0:07:38]} Rg8 {[%clk 0:02:20]} 32. Bd2
{[%clk 0:07:13]} Bf8 {[%clk 0:02:15]} 33. Nc2 {[%clk 0:07:04]} Rg4
{[%clk 0:02:13]} 34. f3 {[%clk 0:07:05]} Rg6 {[%clk 0:02:09]} 35. Ne3
{[%clk 0:06:56]} Be2 {[%clk 0:02:12]} 36. Kf2 {[%clk 0:06:59]} Ba6
{[%clk 0:02:08]} 37. b5 {[%clk 0:06:58]} Bxb5 {[%clk 0:01:50]} 38. axb5
{[%clk 0:06:41]} Rxa1 {[%clk 0:01:54]} 39. bxc6+ {[%clk 0:06:45]} Kc8
{[%clk 0:01:58]} 40. Rb3 {[%clk 0:06:28]} Ra2 {[%clk 0:01:39]} 41. Ke1
{[%clk 0:06:21]} Rh6 {[%clk 0:01:27]} 42. d7+ {[%clk 0:06:02]} 1-0

[Event "Göteborg Open 2017"]
[Site "Mölnlycke kulturhus, Biblioteksgatan 2, Mölnlycke, Sweden"]
[Date "2017.08.19"]
[Round "5.2"]
[White "Hillarp Persson, Tiger"]
[Black "Gritsak, Orest"]
[Result "1/2-1/2"]
[BlackElo "2474"]
[WhiteElo "2522"]
[LiveChessVersion "1.4.8"]

1. Nf3 {[%clk 1:30:55]} c5 {[%clk 1:27:14]} 2. c4 {[%clk 1:30:57]} Nf6
{[%clk 1:27:27]} 3. Nc3 {[%clk 1:31:00]} e6 {[%clk 1:26:58]} 4. g3
{[%clk 1:30:58]} b6 {[%clk 1:26:45]} 5. Bg2 {[%clk 1:31:13]} Bb7 {[%clk 1:27:08]}
6. O-O {[%clk 1:31:35]} Be7 {[%clk 1:26:25]} 7. Re1 {[%clk 1:31:40]} Ne4
{[%clk 1:21:49]} 8. Nxe4 {[%clk 1:24:07]} Bxe4 {[%clk 1:20:40]} 9. d3
{[%clk 1:24:26]} Bb7 {[%clk 1:21:00]} 10. e4 {[%clk 1:24:17]} O-O
{[%clk 1:15:43]} 11. d4 {[%clk 1:24:32]} cxd4 {[%clk 1:15:28]} 12. Nxd4
{[%clk 1:24:55]} Nc6 {[%clk 1:07:32]} 13. Be3 {[%clk 1:14:25]} Nxd4
{[%clk 0:59:23]} 14. Bxd4 {[%clk 1:12:30]} Qc7 {[%clk 0:55:04]} 15. Rc1
{[%clk 1:05:18]} Bc5 {[%clk 0:48:42]} 16. e5 {[%clk 1:04:00]} Bxg2
{[%clk 0:47:12]} 17. Kxg2 {[%clk 1:04:20]} Qc6+ {[%clk 0:45:45]} 18. Kg1
{[%clk 1:04:16]} Rfd8 {[%clk 0:43:09]} 19. Bxc5 {[%clk 0:59:08]} bxc5
{[%clk 0:40:44]} 20. Re3 {[%clk 0:50:46]} d5 {[%clk 0:36:20]} 21. cxd5
{[%clk 0:51:00]} 1/2-1/2

[Event "Göteborg Open 2017"]
[Site "Mölnlycke kulturhus, Biblioteksgatan 2, Mölnlycke, Sweden"]
[Date "2017.08.19"]
[Round "5.3"]
[White "Antonsen, Mikkel"]
[Black "Troberg Eskola, Love"]
[Result "1-0"]
[BlackElo "2016"]
[WhiteElo "2440"]
[LiveChessVersion "1.4.8"]

1. d4 {[%clk 1:30:57]} d5 {[%clk 1:30:59]} 2. c4 {[%clk 1:31:23]} dxc4
{[%clk 1:31:26]} 3. Nf3 {[%clk 1:31:47]} Nf6 {[%clk 1:31:52]} 4. e3
{[%clk 1:32:15]} b5 {[%clk 1:32:18]} 5. a4 {[%clk 1:32:38]} b4 {[%clk 1:32:44]}
6. Bxc4 {[%clk 1:33:05]} e6 {[%clk 1:33:08]} 7. O-O {[%clk 1:33:26]} Bb7
{[%clk 1:33:34]} 8. Nbd2 {[%clk 1:33:22]} Be7 {[%clk 1:32:51]} 9. Nb3
{[%clk 1:33:48]} O-O {[%clk 1:32:01]} 10. Ne5 {[%clk 1:33:06]} Nbd7
{[%clk 1:31:41]} 11. Na5 {[%clk 1:33:07]} Bd5 {[%clk 1:30:30]} 12. Bxd5
{[%clk 1:31:37]} Nxd5 {[%clk 1:30:05]} 13. Nec6 {[%clk 1:31:08]} Qe8
{[%clk 1:30:11]} 14. e4 {[%clk 1:31:33]} N5f6 {[%clk 1:30:06]} 15. Qf3
{[%clk 1:30:46]} Nb8 {[%clk 1:30:06]} 16. Nxe7+ {[%clk 1:30:56]} Qxe7
{[%clk 1:30:29]} 17. Bg5 {[%clk 1:31:08]} e5 {[%clk 1:30:22]} 18. Rac1
{[%clk 1:28:22]} exd4 {[%clk 1:29:10]} 19. e5 {[%clk 1:27:28]} Qxe5
{[%clk 1:29:34]} 20. Bxf6 {[%clk 1:27:55]} Qxa5 {[%clk 1:29:52]} 21. Qxa8
{[%clk 1:26:09]} gxf6 {[%clk 1:30:16]} 22. Qe4 {[%clk 1:25:55]} c5
{[%clk 1:28:05]} 23. Qg4+ {[%clk 1:24:51]} Kh8 {[%clk 1:28:25]} 24. Qf5
{[%clk 1:25:15]} Na6 {[%clk 1:28:38]} 25. Qxf6+ {[%clk 1:25:26]} Kg8
{[%clk 1:29:08]} 26. Qg5+ {[%clk 1:24:45]} Kh8 {[%clk 1:29:31]} 27. Rfe1
{[%clk 1:23:30]} Qb6 {[%clk 1:25:45]} 28. Qe5+ {[%clk 1:22:27]} f6
{[%clk 1:24:36]} 29. Qe7 {[%clk 1:22:55]} Qd8 {[%clk 1:23:48]} 30. Qxa7
{[%clk 1:23:19]} d3 {[%clk 1:23:46]} 31. Re7 {[%clk 1:23:14]} 1-0

[Event "Göteborg Open 2017"]
[Site "Mölnlycke kulturhus, Biblioteksgatan 2, Mölnlycke, Sweden"]
[Date "2017.08.19"]
[Round "5.4"]
[White "Forsberg, Timmy"]
[Black "Ziegler, Ari"]
[Result "0-1"]
[BlackElo "2318"]
[WhiteElo "2093"]
[LiveChessVersion "1.4.8"]

1. d4 {[%clk 1:30:56]} g6 {[%clk 1:30:27]} 2. e4 {[%clk 1:30:17]} Bg7
{[%clk 1:30:42]} 3. Nf3 {[%clk 1:29:56]} d6 {[%clk 1:30:59]} 4. c3
{[%clk 1:25:11]} Nf6 {[%clk 1:29:47]} 5. Bd3 {[%clk 1:25:27]} O-O
{[%clk 1:29:50]} 6. Bg5 {[%clk 1:23:24]} Bg4 {[%clk 1:27:26]} 7. h3
{[%clk 1:19:46]} Bxf3 {[%clk 1:25:40]} 8. Qxf3 {[%clk 1:20:01]} Nbd7
{[%clk 1:23:11]} 9. Qe2 {[%clk 1:15:01]} e5 {[%clk 1:23:22]} 10. d5
{[%clk 1:08:04]} c6 {[%clk 1:12:32]} 11. c4 {[%clk 1:08:12]} Nc5 {[%clk 1:11:42]}
12. Nc3 {[%clk 1:02:05]} h6 {[%clk 1:11:27]} 13. Be3 {[%clk 0:50:27]} Nxd3+
{[%clk 0:58:10]} 14. Qxd3 {[%clk 0:50:43]} c5 {[%clk 0:58:36]} 15. g4
{[%clk 0:48:31]} a6 {[%clk 0:58:50]} 16. Ke2 {[%clk 0:40:46]} Kh7
{[%clk 0:43:13]} 17. Rhb1 {[%clk 0:36:20]} Ne8 {[%clk 0:39:05]} 18. f3
{[%clk 0:30:31]} Bf6 {[%clk 0:37:23]} 19. b4 {[%clk 0:29:41]} b6 {[%clk 0:37:49]}
20. bxc5 {[%clk 0:27:54]} bxc5 {[%clk 0:38:13]} 21. Rb7 {[%clk 0:27:12]} Bg5
{[%clk 0:38:10]} 22. Bf2 {[%clk 0:24:19]} Qf6 {[%clk 0:37:48]} 23. Na4
{[%clk 0:22:46]} Qd8 {[%clk 0:29:01]} 24. Qc3 {[%clk 0:17:47]} Kg8
{[%clk 0:25:25]} 25. Nb6 {[%clk 0:17:22]} Ra7 {[%clk 0:24:59]} 26. Rxa7
{[%clk 0:15:43]} Qxb6 {[%clk 0:25:23]} 27. Ra8 {[%clk 0:13:50]} Qb7
{[%clk 0:22:03]} 28. Rxe8 {[%clk 0:14:13]} Rxe8 {[%clk 0:22:30]} 29. Qb3
{[%clk 0:14:18]} Qd7 {[%clk 0:20:23]} 30. Rb1 {[%clk 0:13:39]} Rc8
{[%clk 0:15:03]} 31. Qb7 {[%clk 0:11:52]} Rc7 {[%clk 0:14:00]} 32. Qb8+
{[%clk 0:11:07]} Kg7 {[%clk 0:13:26]} 33. Be1 {[%clk 0:09:55]} h5
{[%clk 0:11:47]} 34. Bd2 {[%clk 0:07:55]} Bxd2 {[%clk 0:10:06]} 35. Kxd2
{[%clk 0:08:23]} hxg4 {[%clk 0:09:38]} 36. hxg4 {[%clk 0:08:32]} Rc8
{[%clk 0:08:45]} 37. Qb3 {[%clk 0:04:05]} Rh8 {[%clk 0:08:49]} 38. Re1
{[%clk 0:02:57]} Qd8 {[%clk 0:09:15]} 39. Re2 {[%clk 0:02:48]} Rh3
{[%clk 0:09:15]} 40. Kc2 {[%clk 0:02:31]} Qf6 {[%clk 0:09:06]} 41. Rf2
{[%clk 0:02:27]} Qf4 {[%clk 0:09:28]} 42. Qd3 {[%clk 0:01:59]} Rh1
{[%clk 0:08:55]} 43. Qd2 {[%clk 0:01:31]} Qg3 {[%clk 0:09:18]} 44. Kb2
{[%clk 0:00:54]} Qg1 {[%clk 0:09:38]} 45. Ka3 {[%clk 0:00:42]} Qb1
{[%clk 0:07:40]} 46. Qb2 {[%clk 0:00:47]} Qd3+ {[%clk 0:08:00]} 47. Qb3
{[%clk 0:00:51]} Qd4 {[%clk 0:08:25]} 48. Rc2 {[%clk 0:00:56]} Rd1
{[%clk 0:08:27]} 49. Rc3 {[%clk 0:01:05]} Rd2 {[%clk 0:07:08]} 50. Re3
{[%clk 0:00:49]} Qa1 {[%clk 0:05:41]} 51. Rd3 {[%clk 0:00:44]} Qc1+
{[%clk 0:05:26]} 52. Ka4 {[%clk 0:01:08]} Rc2 {[%clk 0:05:48]} 53. Ka5
{[%clk 0:01:08]} Rxc4 54. Rd1 {[%clk 0:01:28]} Qc2 {[%clk 0:02:58]} 55. Qxc2
{[%clk 0:01:17]} Rxc2 {[%clk 0:03:23]} 56. Kxa6 {[%clk 0:00:49]} Rxa2+
{[%clk 0:03:48]} 57. Kb5 {[%clk 0:01:03]} Kf6 {[%clk 0:04:04]} 58. Kc6
{[%clk 0:01:20]} Ra6+ {[%clk 0:04:11]} 59. Kd7 {[%clk 0:00:44]} Kg5
{[%clk 0:04:32]} 60. Ke7 {[%clk 0:00:44]} f6 {[%clk 0:03:38]} 61. Rc1
{[%clk 0:00:42]} f5 {[%clk 0:04:02]} 62. gxf5 {[%clk 0:01:04]} gxf5
{[%clk 0:04:30]} 63. Ke6 {[%clk 0:01:05]} fxe4 {[%clk 0:04:50]} 64. fxe4
{[%clk 0:01:32]} Kf4 {[%clk 0:05:11]} 65. Re1 {[%clk 0:01:37]} Kf3
{[%clk 0:05:31]} 66. Ke7 {[%clk 0:00:52]} Kf2 {[%clk 0:05:54]} 67. Rh1
{[%clk 0:01:01]} Ke3 {[%clk 0:06:18]} 68. Rh6 {[%clk 0:00:47]} c4
{[%clk 0:05:37]} 69. Rxd6 {[%clk 0:00:44]} Rxd6 {[%clk 0:05:59]} 70. Kxd6
{[%clk 0:01:12]} c3 {[%clk 0:05:47]} 71. Kxe5 {[%clk 0:01:17]} c2
{[%clk 0:06:12]} 72. d6 {[%clk 0:01:39]} c1=Q {[%clk 0:06:38]} 73. Ke6
{[%clk 0:01:33]} Kxe4 {[%clk 0:06:43]} 74. d7 {[%clk 0:01:47]} Qc7
{[%clk 0:06:38]} 75. Ke7 {[%clk 0:02:03]} Kd5 {[%clk 0:06:57]} 76. Ke8
{[%clk 0:02:21]} Ke6 {[%clk 0:06:06]} 0-1

[Event "Göteborg Open 2017"]
[Site "Mölnlycke kulturhus, Biblioteksgatan 2, Mölnlycke, Sweden"]
[Date "2017.08.19"]
[Round "5.5"]
[White "Andréasson, Vincent"]
[Black "Åkesson, Joel"]
[Result "1/2-1/2"]
[BlackElo "2296"]
[WhiteElo "2006"]
[LiveChessVersion "1.4.8"]

1. d4 {[%clk 1:30:56]} e6 {[%clk 1:30:56]} 2. g3 {[%clk 1:28:10]} f5
{[%clk 1:20:38]} 3. Bg2 {[%clk 1:21:44]} Nf6 {[%clk 1:20:44]} 4. Nh3
{[%clk 1:21:41]} Be7 {[%clk 1:18:13]} 5. c4 {[%clk 1:21:50]} O-O {[%clk 1:15:56]}
6. Nc3 {[%clk 1:22:10]} d5 {[%clk 1:13:03]} 7. cxd5 {[%clk 1:18:49]} exd5
{[%clk 1:13:26]} 8. O-O {[%clk 1:14:26]} c6 {[%clk 1:12:09]} 9. Nf4
{[%clk 1:10:18]} Qe8 {[%clk 1:04:31]} 10. h4 {[%clk 1:02:43]} Nh5
{[%clk 0:53:32]} 11. Bf3 {[%clk 0:51:34]} Nxf4 {[%clk 0:48:55]} 12. Bxf4
{[%clk 0:52:02]} Nd7 {[%clk 0:44:15]} 13. Rb1 {[%clk 0:47:02]} a5
{[%clk 0:38:30]} 14. a3 {[%clk 0:42:05]} h6 {[%clk 0:31:45]} 15. h5
{[%clk 0:31:41]} Nf6 {[%clk 0:30:33]} 16. Be5 {[%clk 0:27:09]} Ng4
{[%clk 0:29:12]} 17. Bxg4 {[%clk 0:26:29]} fxg4 {[%clk 0:29:36]} 18. e4
{[%clk 0:26:54]} dxe4 {[%clk 0:28:39]} 19. Qb3+ {[%clk 0:25:55]} Kh8
{[%clk 0:26:14]} 20. Nxe4 {[%clk 0:26:20]} Qxh5 {[%clk 0:26:09]} 21. Rbe1
{[%clk 0:26:08]} Qg6 {[%clk 0:21:42]} 22. Re3 {[%clk 0:25:25]} b5
{[%clk 0:14:51]} 23. Rfe1 {[%clk 0:19:37]} Be6 {[%clk 0:13:26]} 24. Qd3
{[%clk 0:18:25]} Bc4 {[%clk 0:12:55]} 25. Qb1 {[%clk 0:09:43]} Bd5
{[%clk 0:10:38]} 26. Nc3 {[%clk 0:10:04]} Qxb1 {[%clk 0:10:13]} 27. Rxb1
{[%clk 0:10:28]} Bg5 {[%clk 0:10:25]} 28. Nxd5 {[%clk 0:10:41]} cxd5
{[%clk 0:10:46]} 29. Rc3 {[%clk 0:09:25]} Rfc8 {[%clk 0:07:28]} 30. Rc5
{[%clk 0:08:18]} Rxc5 {[%clk 0:02:11]} 31. dxc5 {[%clk 0:08:46]} Bf6
{[%clk 0:01:43]} 32. Bxf6 {[%clk 0:06:50]} gxf6 {[%clk 0:02:07]} 33. Rd1
{[%clk 0:07:17]} Rd8 {[%clk 0:02:32]} 34. Rd4 {[%clk 0:06:17]} h5
{[%clk 0:02:49]} 35. c6 {[%clk 0:06:43]} a4 {[%clk 0:01:20]} 36. c7
{[%clk 0:06:09]} Rc8 {[%clk 0:01:46]} 37. Rxd5 {[%clk 0:06:31]} Rxc7
{[%clk 0:02:10]} 38. Rxh5+ {[%clk 0:06:59]} Kg7 {[%clk 0:02:08]} 39. Rxb5
{[%clk 0:07:27]} Rc1+ {[%clk 0:02:28]} 40. Kg2 {[%clk 0:07:50]} Rc2
{[%clk 0:02:52]} 41. Rb4 {[%clk 0:07:24]} f5 {[%clk 0:03:14]} 1/2-1/2

[Event "Göteborg Open 2017"]
[Site "Mölnlycke kulturhus, Biblioteksgatan 2, Mölnlycke, Sweden"]
[Date "2017.08.19"]
[Round "5.6"]
[White "Hattab, Hashim"]
[Black "Nilsson, Joakim"]
[Result "0-1"]
[BlackElo "2126"]
[WhiteElo "1885"]
[LiveChessVersion "1.4.8"]

1. d4 {[%clk 1:30:57]} d5 {[%clk 1:28:54]} 2. c4 {[%clk 1:31:02]} e6
{[%clk 1:29:19]} 3. Nc3 {[%clk 1:31:17]} Be7 {[%clk 1:29:43]} 4. cxd5
{[%clk 1:30:31]} exd5 {[%clk 1:27:15]} 5. Nf3 {[%clk 1:30:34]} Nf6
{[%clk 1:27:31]} 6. h3 {[%clk 1:30:12]} c6 {[%clk 1:27:30]} 7. e3
{[%clk 1:30:15]} Nbd7 {[%clk 1:26:36]} 8. Bd3 {[%clk 1:30:06]} O-O
{[%clk 1:24:31]} 9. O-O {[%clk 1:29:06]} Re8 {[%clk 1:23:47]} 10. Ne2
{[%clk 1:28:36]} Ne4 {[%clk 1:10:54]} 11. a3 {[%clk 1:27:16]} Bd6
{[%clk 1:08:13]} 12. b4 {[%clk 1:26:41]} a6 {[%clk 1:02:46]} 13. Bb2
{[%clk 1:25:50]} Nf8 {[%clk 0:59:13]} 14. Qb3 {[%clk 1:24:08]} Ng6
{[%clk 0:57:52]} 15. Rad1 {[%clk 1:21:46]} Ng5 {[%clk 0:33:40]} 16. Ne5
{[%clk 1:16:46]} Nxh3+ {[%clk 0:24:11]} 17. gxh3 {[%clk 1:13:18]} Bxh3
{[%clk 0:24:24]} 18. Bxg6 {[%clk 1:13:01]} hxg6 {[%clk 0:21:22]} 19. e4
{[%clk 1:11:55]} Bxf1 {[%clk 0:20:29]} 20. Kxf1 {[%clk 1:09:08]} Qh4
{[%clk 0:16:59]} 21. exd5 cxd5 {[%clk 0:16:59]} 22. Qf3 {[%clk 1:00:25]} Bxe5
{[%clk 0:11:29]} 23. dxe5 {[%clk 0:59:48]} Rad8 {[%clk 0:09:44]} 24. Nf4
{[%clk 0:57:38]} Rd7 {[%clk 0:07:05]} 25. Nh3 {[%clk 0:53:27]} Rc8
{[%clk 0:06:35]} 26. Kg2 {[%clk 0:53:17]} Rc2 {[%clk 0:05:28]} 27. Bd4
{[%clk 0:51:37]} Rdc7 {[%clk 0:03:14]} 28. Bc5 {[%clk 0:51:41]} b6
{[%clk 0:01:36]} 29. Rd4 {[%clk 0:50:30]} Qh5 {[%clk 0:00:52]} 30. Qxd5
{[%clk 0:49:40]} Kh7 {[%clk 0:00:44]} 31. Bxb6 {[%clk 0:49:16]} R7c3
{[%clk 0:01:03]} 32. Bd8 {[%clk 0:48:25]} Qxh3+ {[%clk 0:01:24]} 33. Kg1
{[%clk 0:48:11]} Rc1+ {[%clk 0:01:52]} 0-1

[Event "Göteborg Open 2017"]
[Site "Mölnlycke kulturhus, Biblioteksgatan 2, Mölnlycke, Sweden"]
[Date "2017.08.19"]
[Round "5.7"]
[White "Eriksson, Kristian"]
[Black "Troedsson, Anton"]
[Result "1-0"]
[BlackElo "1650"]
[WhiteElo "2085"]
[LiveChessVersion "1.4.8"]

1. e4 {[%clk 1:30:55]} c6 2. d4 {[%clk 1:30:44]} d5 {[%clk 1:22:13]} 3. Nc3
{[%clk 1:30:49]} dxe4 {[%clk 1:22:03]} 4. Nxe4 {[%clk 1:31:10]} Nd7
{[%clk 1:21:56]} 5. Nf3 {[%clk 1:30:06]} Ngf6 {[%clk 1:22:04]} 6. Ng3
{[%clk 1:29:21]} e6 {[%clk 1:22:20]} 7. Bd3 {[%clk 1:25:53]} c5 {[%clk 1:19:56]}
8. O-O {[%clk 1:23:14]} cxd4 {[%clk 1:16:12]} 9. Nxd4 {[%clk 1:23:17]} Bc5
{[%clk 1:16:31]} 10. Nb3 {[%clk 1:16:21]} Be7 {[%clk 1:16:39]} 11. Qe2
{[%clk 1:14:27]} O-O {[%clk 1:15:07]} 12. c3 {[%clk 1:12:20]} Re8
{[%clk 1:08:49]} 13. Bg5 {[%clk 1:06:07]} b6 {[%clk 0:58:06]} 14. Rad1
{[%clk 1:02:58]} Qc7 {[%clk 0:57:31]} 15. Rfe1 {[%clk 0:50:10]} Bb7
{[%clk 0:57:04]} 16. Nd4 {[%clk 0:49:20]} Rad8 {[%clk 0:48:46]} 17. Bb5
{[%clk 0:44:44]} a6 {[%clk 0:32:10]} 18. Bxa6 {[%clk 0:43:48]} Bxa6
{[%clk 0:29:37]} 19. Qxa6 {[%clk 0:44:15]} Ra8 {[%clk 0:29:58]} 20. Qe2
{[%clk 0:34:23]} Rxa2 {[%clk 0:29:56]} 21. Nxe6 Qc8 {[%clk 0:22:40]} 22. Nxg7
{[%clk 0:28:58]} Kxg7 {[%clk 0:19:56]} 23. Nf5+ {[%clk 0:28:02]} Kg6
{[%clk 0:18:56]} 24. Bxf6 {[%clk 0:23:15]} Nxf6 {[%clk 0:16:31]} 25. Nxe7+
{[%clk 0:22:15]} Rxe7 {[%clk 0:16:59]} 26. Qxe7 {[%clk 0:22:36]} Rxb2
{[%clk 0:16:29]} 27. Rd3 {[%clk 0:21:31]} Nh5 {[%clk 0:12:29]} 28. Rd6+
{[%clk 0:20:52]} f6 {[%clk 0:12:10]} 29. Rd7 {[%clk 0:19:39]} Qg8
{[%clk 0:07:04]} 30. h3 {[%clk 0:13:53]} Rb5 {[%clk 0:04:44]} 31. Qe4+
{[%clk 0:11:50]} Kh6 {[%clk 0:04:47]} 32. Qe3+ {[%clk 0:10:54]} Qg5
{[%clk 0:05:15]} 33. Qxg5+ {[%clk 0:10:06]} Rxg5 {[%clk 0:05:34]} 34. Rd6
{[%clk 0:08:38]} b5 {[%clk 0:03:45]} 35. Kh2 {[%clk 0:08:35]} Kg6
{[%clk 0:03:12]} 36. Ree6 {[%clk 0:07:22]} Kg7 {[%clk 0:01:22]} 37. g4
{[%clk 0:06:31]} Nf4 {[%clk 0:01:20]} 38. Rxf6 {[%clk 0:06:35]} Ne2
{[%clk 0:01:37]} 39. Rf5 {[%clk 0:04:59]} Rxf5 {[%clk 0:01:53]} 40. gxf5
{[%clk 0:05:27]} Nxc3 {[%clk 0:02:05]} 41. Rb6 {[%clk 0:05:39]} b4
{[%clk 0:00:42]} 42. Rxb4 {[%clk 0:05:42]} Kf6 {[%clk 0:01:10]} 43. Rh4
{[%clk 0:04:44]} Kxf5 {[%clk 0:00:40]} 44. Rxh7 {[%clk 0:05:03]} Kg6
{[%clk 0:00:50]} 45. Rh4 {[%clk 0:05:17]} Nd5 {[%clk 0:01:06]} 46. Kg3
{[%clk 0:05:25]} Ne7 {[%clk 0:01:22]} 47. Ra4 {[%clk 0:05:23]} Nf5+
{[%clk 0:01:00]} 48. Kf4 {[%clk 0:05:41]} Nh4 {[%clk 0:01:09]} 1-0

[Event "Göteborg Open 2017"]
[Site "Mölnlycke kulturhus, Biblioteksgatan 2, Mölnlycke, Sweden"]
[Date "2017.08.19"]
[Round "5.9"]
[White "Alharash, Feras"]
[Black "Outgajjouft, Said"]
[Result "1-0"]
[BlackElo "2026"]
[WhiteElo "1772"]
[LiveChessVersion "1.4.8"]

1. d4 {[%clk 1:30:57]} d5 {[%clk 1:30:50]} 2. Nf3 {[%clk 1:31:19]} Nf6
{[%clk 1:30:54]} 3. c4 {[%clk 1:31:21]} c6 {[%clk 1:30:59]} 4. Nc3
{[%clk 1:31:41]} e6 {[%clk 1:30:27]} 5. Bg5 {[%clk 1:31:40]} Be7 {[%clk 1:30:36]}
6. e3 {[%clk 1:32:00]} Nbd7 {[%clk 1:29:54]} 7. Bd3 {[%clk 1:30:51]} dxc4
{[%clk 1:30:18]} 8. Bxc4 {[%clk 1:31:03]} O-O {[%clk 1:29:31]} 9. O-O
{[%clk 1:31:23]} b6 {[%clk 1:19:23]} 10. Rc1 {[%clk 1:29:23]} Bb7
{[%clk 1:19:04]} 11. Qe2 {[%clk 1:28:39]} Nd5 {[%clk 1:13:17]} 12. Bxe7
{[%clk 1:28:23]} Nxc3 {[%clk 1:13:41]} 13. Rxc3 {[%clk 1:28:31]} Qxe7
{[%clk 1:14:05]} 14. Rd1 {[%clk 1:24:17]} c5 {[%clk 1:04:40]} 15. Ba6
{[%clk 1:20:30]} Be4 {[%clk 1:00:26]} 16. Bd3 {[%clk 1:18:37]} Bxf3
{[%clk 0:58:22]} 17. Qxf3 {[%clk 1:18:54]} cxd4 {[%clk 0:58:48]} 18. Qe4
{[%clk 1:19:07]} Nf6 {[%clk 0:58:24]} 19. Qxd4 {[%clk 1:19:15]} Rad8
{[%clk 0:58:34]} 20. Qh4 {[%clk 1:13:39]} Rd7 {[%clk 0:57:48]} 21. h3
{[%clk 1:06:03]} Rfd8 {[%clk 0:56:40]} 22. Bxh7+ {[%clk 1:03:22]} Nxh7
{[%clk 0:53:59]} 23. Qxe7 {[%clk 1:03:39]} Rxd1+ {[%clk 0:54:26]} 24. Kh2
{[%clk 1:03:48]} R1d7 {[%clk 0:54:55]} 25. Qh4 {[%clk 1:02:18]} Nf6
{[%clk 0:55:18]} 26. e4 {[%clk 1:00:59]} Rd4 {[%clk 0:54:01]} 27. f3
{[%clk 0:55:45]} R4d7 {[%clk 0:53:09]} 28. Qg5 {[%clk 0:54:38]} Kf8
{[%clk 0:46:41]} 29. h4 {[%clk 0:47:14]} Ne8 {[%clk 0:39:20]} 30. h5
{[%clk 0:44:07]} Re7 {[%clk 0:35:30]} 31. h6 {[%clk 0:44:02]} f6 {[%clk 0:28:20]}
32. Qg6 {[%clk 0:38:44]} Kg8 {[%clk 0:27:57]} 33. f4 {[%clk 0:37:44]} e5
{[%clk 0:16:55]} 34. f5 {[%clk 0:31:40]} Kh8 {[%clk 0:16:39]} 35. Rh3
{[%clk 0:31:35]} Kg8 {[%clk 0:17:07]} 36. b3 {[%clk 0:30:16]} Rc7
{[%clk 0:17:07]} 37. a4 {[%clk 0:30:08]} Re7 {[%clk 0:16:32]} 38. b4
{[%clk 0:29:42]} a5 {[%clk 0:14:36]} 39. b5 {[%clk 0:29:45]} Rc7 {[%clk 0:14:41]}
40. hxg7 {[%clk 0:29:55]} Rxg7 {[%clk 0:14:45]} 41. Qh5 {[%clk 0:30:02]} Kf8
{[%clk 0:13:25]} 42. Qh8+ {[%clk 0:29:53]} Rg8 {[%clk 0:13:30]} 43. Qh7
{[%clk 0:30:02]} Rg7 {[%clk 0:13:59]} 44. Qh6 {[%clk 0:30:03]} Rdd7
{[%clk 0:13:27]} 45. Rg3 {[%clk 0:30:10]} Rdf7 {[%clk 0:12:37]} 46. Rxg7
{[%clk 0:29:49]} Rxg7 {[%clk 0:13:05]} 47. Qd2 {[%clk 0:30:03]} Rc7
{[%clk 0:08:41]} 48. Qd8 {[%clk 0:30:08]} Rc4 {[%clk 0:08:47]} 49. Qxb6
{[%clk 0:30:14]} Rxa4 {[%clk 0:09:16]} 50. Qc5+ {[%clk 0:30:22]} Kf7
{[%clk 0:09:06]} 51. b6 {[%clk 0:30:39]} Ra1 {[%clk 0:09:18]} 52. b7
{[%clk 0:30:45]} Rb1 {[%clk 0:09:41]} 53. Qxa5 {[%clk 0:30:52]} 1-0